[Event "SG Eintracht Neubrandenburg-SG Königskin"]
[Site "DVM U14 in Arendsee"]
[Date "2009.12.27"]
[Round "1.1"]
[White "Estedt, Jonathan"]
[Black "Stövesand, Eric"]
[Result "1/2-1/2"]
[WhiteElo "1788"]
[BlackElo "1889"]
[PlyCount "100"]
[EventDate "2009.??.??"]
[WhiteTeam "SG Königskinder Hohentübingen"]
[BlackTeam "SG Eintracht Neubrandenburg"]

1. d4 d5 2. Nf3 Nf6 3. e3 e6 4. Bd3 Nbd7 5. Nbd2 Be7 6. e4 dxe4 7. Nxe4 O-O 8.
c3 b6 9. O-O Bb7 10. Nxf6+ Nxf6 11. Bg5 Rc8 12. Qe2 Nd5 13. Qe4 g6 14. Bh6 Re8
15. Ne5 Rb8 16. Bb5 Nxc3 17. Qf4 f6 18. Nxg6 hxg6 19. bxc3 c6 20. Bc4 Bd6 21.
Qg4 Kf7 22. Rfe1 f5 23. Qg5 Qxg5 24. Bxg5 b5 25. Bb3 c5 26. dxc5 Bxc5 27. a4
Bc6 28. axb5 Bxb5 29. Re5 Rbc8 30. Ra5 a6 31. c4 Bd4 32. Rxe6 Kxe6 33. cxb5+
Kd7 34. h3 axb5 35. Rxb5 Re1+ 36. Kh2 Bxf2 37. Rd5+ Kc6 38. Rd2 Bc5 39. Ba4+
Kb6 40. Rb2+ Ka7 41. Bd2 Ra1 42. Bd7 Rd8 43. Bc6 Rd6 44. Bf3 Bd4 45. Rb7+ Ka6
46. Bf4 Re6 47. Rd7 Bb6 48. Bd5 Re8 49. Rg7 Rd8 50. Bb7+ Ka5 1/2-1/2

[Event "SG Eintracht Neubrandenburg-SG Königskin"]
[Site "DVM U14 in Arendsee"]
[Date "2009.12.27"]
[Round "1.2"]
[White "Valet, Alexander"]
[Black "Jansen, Lauritz"]
[Result "1-0"]
[WhiteElo "1781"]
[BlackElo "1655"]
[PlyCount "61"]
[EventDate "2009.??.??"]
[WhiteTeam "SG Eintracht Neubrandenburg"]
[BlackTeam "SG Königskinder Hohentübingen"]

1. e4 c5 2. Nc3 e6 3. d3 a6 4. g3 b6 5. Bg2 Bb7 6. f4 d6 7. Nf3 Nd7 8. O-O Qc7
9. Be3 Ngf6 10. h3 Be7 11. Qd2 O-O-O 12. Ne2 Kb8 13. a4 Ne8 14. Rfc1 g6 15. b4
f5 16. a5 c4 17. exf5 gxf5 18. dxc4 Qxc4 19. axb6 Nef6 20. Ng5 Bxg2 21. Kxg2
Ne4 22. Nxe4 Qxe4+ 23. Kh2 Qc4 24. Qd3 Qxd3 25. cxd3 Rc8 26. Rxa6 Rxc1 27. Nxc1
e5 28. Ra7 Rd8 29. Nb3 Kc8 30. Na5 Re8 31. Nc6 1-0

[Event "SG Eintracht Neubrandenburg-SG Königskin"]
[Site "DVM U14 in Arendsee"]
[Date "2009.12.27"]
[Round "1.3"]
[White "Müller, Nils Samuel"]
[Black "Stövesand, Peter"]
[Result "1/2-1/2"]
[WhiteElo "1576"]
[BlackElo "1613"]
[PlyCount "62"]
[EventDate "2009.??.??"]
[WhiteTeam "SG Königskinder Hohentübingen"]
[BlackTeam "SG Eintracht Neubrandenburg"]

1. e4 e5 2. Nf3 Nc6 3. Bc4 Bc5 4. Nc3 Nf6 5. d3 d6 6. a3 Be6 7. Bb3 Qd7 8. Be3
Bb6 9. Qd2 O-O-O 10. Ng5 h6 11. Nxe6 fxe6 12. O-O-O d5 13. Bxb6 axb6 14. exd5
exd5 15. Rde1 Rhe8 16. Ba4 Qf5 17. Bxc6 bxc6 18. Kb1 Rd7 19. Re2 Re6 20. Rhe1
Rde7 21. f3 Qg6 22. f4 Nd7 23. fxe5 Rxe5 24. Rxe5 Rxe5 25. Rxe5 Nxe5 26. Qe2
Qf6 27. h3 Nf7 28. Nd1 Nd6 29. Nf2 Kb7 30. Ng4 Qg5 31. c3 g6 1/2-1/2

[Event "SG Eintracht Neubrandenburg-SG Königskin"]
[Site "DVM U14 in Arendsee"]
[Date "2009.12.27"]
[Round "1.4"]
[White "Lansky, Georg"]
[Black "Reimer, Benedict"]
[Result "0-1"]
[WhiteElo "1447"]
[BlackElo "1447"]
[PlyCount "65"]
[EventDate "2009.??.??"]
[WhiteTeam "SG Eintracht Neubrandenburg"]
[BlackTeam "SG Königskinder Hohentübingen"]

1. e4 c5 2. Nf3 e6 3. d4 cxd4 4. Nxd4 a6 5. Nc3 Qc7 6. Be2 Nf6 7. f3 b5 8. Be3
Bb7 9. Qd2 d5 10. e5 Nfd7 11. f4 Nc6 12. Rf1 Nxd4 13. Bxd4 Bc5 14. Rf3 Bxd4 15.
Qxd4 Qc5 16. Rd1 Qxd4 17. Rxd4 O-O 18. Bd3 Nc5 19. Rh3 Nxd3+ 20. Rhxd3 Rfd8 21.
g4 Rac8 22. Kd2 Bc6 23. Ne4 Bd7 24. Nd6 Rc6 25. Rf3 h6 26. Rh3 f6 27. g5 fxe5
28. gxh6 gxh6 29. fxe5 Rf8 30. Rg4+ Kh7 31. Rhg3 Be8 32. Rg7+ Kh8 33. Nxe8 {
Zeitüberschreitung} 0-1

[Event "SV Merseburg-SF Köln-Mülheim"]
[Site "DVM U14 in Arendsee"]
[Date "2009.12.27"]
[Round "1.1"]
[White "Pauly, Carlo"]
[Black "Gering, Samuel"]
[Result "1-0"]
[WhiteElo "1993"]
[BlackElo "1915"]
[PlyCount "33"]
[EventDate "2009.??.??"]
[WhiteTeam "SF Köln-Mülheim"]
[BlackTeam "SV Merseburg"]

1. c4 Nf6 2. g3 e6 3. Bg2 d5 4. Nf3 c6 5. O-O Bd6 6. b3 O-O 7. Bb2 Nbd7 8. d4
a5 9. Ne5 a4 10. Nd2 c5 11. cxd5 Nxd5 12. Ndc4 Be7 13. e4 N5f6 14. d5 Nb6 15.
d6 Bxd6 16. Nxb6 Qxb6 17. Nc4 1-0

[Event "SV Merseburg-SF Köln-Mülheim"]
[Site "DVM U14 in Arendsee"]
[Date "2009.12.27"]
[Round "1.2"]
[White "Knopf, Felix"]
[Black "Eigemann, Frederik"]
[Result "0-1"]
[WhiteElo "1645"]
[BlackElo "1900"]
[PlyCount "100"]
[EventDate "2009.??.??"]
[WhiteTeam "SV Merseburg"]
[BlackTeam "SF Köln-Mülheim"]

1. d4 Nf6 2. Nf3 e6 3. c4 c5 4. Nc3 cxd4 5. Nxd4 b6 6. Bf4 a6 7. e3 Bb7 8. Nf3
d6 9. Be2 Be7 10. h3 Qc7 11. O-O Nbd7 12. Rc1 O-O 13. Qd2 Nc5 14. b4 Nce4 15.
Nxe4 Nxe4 16. Qb2 Rfd8 17. Rc2 Rac8 18. Rfc1 Qd7 19. Rd1 Qe8 20. a3 Bf6 21. Qb3
Bc6 22. b5 axb5 23. cxb5 Bd5 24. Bc4 Bxc4 25. Rxc4 d5 26. Rcc1 Nc3 27. Re1 Ne2+
28. Rxe2 Rxc1+ 29. Kh2 Rc3 30. Qb4 Rdc8 31. a4 Qd7 32. a5 Be7 33. Qb2 R3c5 34.
Ne5 Qxb5 35. axb6 Bd6 36. b7 Rb8 37. Qxb5 Rxb5 38. Nc6 Bxf4+ 39. exf4 R8xb7 40.
f5 Rb2 41. Re1 Rxf2 42. fxe6 fxe6 43. Ne5 Rbb2 44. Ng4 Rxg2+ 45. Kh1 Rg3 46.
Ne3 Rxh3+ 47. Kg1 Rg3+ 48. Kh1 Rb4 49. Ng2 Rbg4 50. Re2 Rxg2 0-1

[Event "SV Merseburg-SF Köln-Mülheim"]
[Site "DVM U14 in Arendsee"]
[Date "2009.12.27"]
[Round "1.3"]
[White "Eigemann, Julian"]
[Black "Hoffmann, Dustin"]
[Result "1-0"]
[WhiteElo "1851"]
[BlackElo "1471"]
[PlyCount "55"]
[EventDate "2009.??.??"]
[WhiteTeam "SF Köln-Mülheim"]
[BlackTeam "SV Merseburg"]

1. e4 c5 2. Nf3 Nc6 3. d3 d6 4. g3 Nf6 5. Bg2 e6 6. O-O Be7 7. Nbd2 O-O 8. h4
Qc7 9. Re1 b5 10. Nf1 Bb7 11. Ne3 Nd7 12. Ng5 Nce5 13. f4 Nc6 14. Bh3 Nf6 15.
Nf3 e5 16. f5 a6 17. g4 Qd7 18. g5 Ne8 19. Nd5 Rb8 20. f6 Qxh3 21. fxe7 Qg3+
22. Kh1 Nd4 23. exf8=Q+ Kxf8 24. Re3 Qh3+ 25. Nh2 Qxh4 26. c3 Ne6 27. Qg4 Qf2
28. Re2 1-0

[Event "SV Merseburg-SF Köln-Mülheim"]
[Site "DVM U14 in Arendsee"]
[Date "2009.12.27"]
[Round "1.4"]
[White "Feuerherdt, Martin"]
[Black "Rahmen, Christian"]
[Result "1-0"]
[WhiteElo "1382"]
[BlackElo "1223"]
[PlyCount "105"]
[EventDate "2009.??.??"]
[WhiteTeam "SV Merseburg"]
[BlackTeam "SF Köln-Mülheim"]

1. e4 Nf6 2. Nc3 d5 3. exd5 Nxd5 4. Bc4 Nb6 5. Bb3 c5 6. d3 Nc6 7. h3 g6 8. Nf3
Bg7 9. Bf4 O-O 10. Qd2 e6 11. O-O Re8 12. Bh6 Nd4 13. Nxd4 Bxd4 14. Rab1 Bd7
15. a3 Bc6 16. Rfe1 Qh4 17. Bf4 Rad8 18. Ne4 Bxe4 19. Rxe4 Bf6 20. Qe2 Rd4 21.
Rxd4 Bxd4 22. Bc7 Nd7 23. c3 Bf6 24. Bg3 Qg5 25. Ba4 Qd5 26. Qe3 Re7 27. c4 Qd4
28. Qxd4 Bxd4 29. Bd6 Re8 30. Bxd7 Rd8 31. Bxe6 Rxd6 32. Bd5 b6 33. b4 cxb4 34.
axb4 Rf6 35. Bf3 Re6 36. Kf1 Kg7 37. Rb3 Kf6 38. Ra3 Kg5 39. Rxa7 Bc3 40. Be4
Kf6 41. b5 Kg5 42. Rxf7 Kh6 43. g3 Bd4 44. f4 Rf6 45. Rd7 Be5 46. Kg2 Bc3 47.
Kf3 Be5 48. Kg4 Bc3 49. h4 Be1 50. Kh3 Rf8 51. g4 Rxf4 52. g5+ Kh5 53. Rxh7#
1-0

[Event "SG Grün-Weiß Baumschulenweg-USV TU Dresd"]
[Site "DVM U14 in Arendsee"]
[Date "2009.12.27"]
[Round "1.1"]
[White "Osmanodja, Filiz"]
[Black "Mittelstädt, Joel"]
[Result "1-0"]
[WhiteElo "2034"]
[BlackElo "1626"]
[PlyCount "103"]
[EventDate "2009.??.??"]
[WhiteTeam "USV TU Dresden"]
[BlackTeam "SG Grün-Weiß Baumschulenweg"]

1. e4 c6 2. d4 d5 3. Nc3 dxe4 4. Nxe4 Bf5 5. Ng3 Bg6 6. h4 h6 7. Nf3 Nd7 8. h5
Bh7 9. Bd3 Bxd3 10. Qxd3 e6 11. Bd2 Qc7 12. O-O-O Ngf6 13. Ne4 Nxe4 14. Qxe4
O-O-O 15. g3 Bd6 16. c4 c5 17. Bc3 Nf6 18. Qe2 cxd4 19. Nxd4 a6 20. f4 Rhe8 21.
Nf3 Qe7 22. Ne5 Bxe5 23. fxe5 Ng8 24. Qg4 f6 25. Qg6 f5 26. Ba5 Rxd1+ 27. Rxd1
Qg5+ 28. Qxg5 hxg5 29. Bd2 g4 30. Kc2 Ne7 31. Rh1 Rh8 32. Rh4 Nc6 33. Bc3 Kd7
34. Kd2 Ne7 35. Ke3 g5 36. hxg6 Rxh4 37. gxh4 Nxg6 38. h5 Nf8 39. Kf4 Nh7 40.
b4 Kc6 41. a4 b6 42. Bd4 Kb7 43. Be3 Kc6 44. Kg3 b5 45. cxb5+ axb5 46. a5 Nf8
47. Kh4 Nh7 48. Bf4 Kd7 49. h6 Nf8 50. Kg5 Ke7 51. a6 Nd7 52. a7 1-0

[Event "SG Grün-Weiß Baumschulenweg-USV TU Dresd"]
[Site "DVM U14 in Arendsee"]
[Date "2009.12.27"]
[Round "1.2"]
[White "Kümpfel, Max"]
[Black "Neef, Maximilian"]
[Result "1/2-1/2"]
[WhiteElo "1542"]
[BlackElo "1859"]
[PlyCount "71"]
[EventDate "2009.??.??"]
[WhiteTeam "SG Grün-Weiß Baumschulenweg"]
[BlackTeam "USV TU Dresden"]

1. e4 e6 2. d4 d5 3. e5 c5 4. c3 Qb6 5. Nf3 Nc6 6. Be2 cxd4 7. cxd4 Nge7 8. Nc3
Nf5 9. Na4 Bb4+ 10. Bd2 Qa5 11. Bc3 b5 12. a3 Bxc3+ 13. Nxc3 b4 14. axb4 Qxb4
15. Qa4 Qxa4 16. Rxa4 Bd7 17. Bb5 O-O 18. O-O Rfb8 19. Bxc6 Bxc6 20. Ra6 Bb5
21. Nxb5 Rxb5 22. g4 Ne7 23. Rfa1 Rb7 24. Ne1 g6 25. Nd3 h6 26. b4 Kf8 27. R1a4
Nc8 28. Nc5 Rc7 29. Kg2 Rb8 30. R6a5 Rb6 31. b5 g5 32. Ra3 Kg7 33. Kg3 Kg6 34.
f4 gxf4+ 35. Kxf4 Re7 36. Rb3 1/2-1/2

[Event "SG Grün-Weiß Baumschulenweg-USV TU Dresd"]
[Site "DVM U14 in Arendsee"]
[Date "2009.12.27"]
[Round "1.3"]
[White "Pfefferkorn, Kai"]
[Black "Spilke, Paul"]
[Result "0-1"]
[WhiteElo "1530"]
[BlackElo "1589"]
[PlyCount "52"]
[EventDate "2009.??.??"]
[WhiteTeam "USV TU Dresden"]
[BlackTeam "SG Grün-Weiß Baumschulenweg"]

1. e4 e6 2. d4 d5 3. exd5 exd5 4. Nf3 Nf6 5. c4 c6 6. Nc3 Bb4 7. Bd2 O-O 8. Be2
Bg4 9. cxd5 Nxd5 10. Nxd5 Bxd2+ 11. Qxd2 Qxd5 12. O-O Nd7 13. b3 Nb6 14. Rac1
Rad8 15. Rfd1 a6 16. Qf4 Bxf3 17. Bxf3 Qd6 18. Qd2 Nd5 19. Bxd5 Qxd5 20. Qb4
Rd7 21. Rc5 Qe4 22. Re5 Qxe5 23. Qd2 Rfd8 24. Qc3 Rxd4 25. Rf1 Qe2 26. Re1 Qd1
0-1

[Event "SG Grün-Weiß Baumschulenweg-USV TU Dresd"]
[Site "DVM U14 in Arendsee"]
[Date "2009.12.27"]
[Round "1.4"]
[White "Fartmann, Oliver"]
[Black "Teich, Thomas"]
[Result "1-0"]
[WhiteElo "1439"]
[BlackElo "1496"]
[PlyCount "115"]
[EventDate "2009.??.??"]
[WhiteTeam "SG Grün-Weiß Baumschulenweg"]
[BlackTeam "USV TU Dresden"]

1. d4 d5 2. c4 c6 3. Nf3 Nf6 4. Qb3 e6 5. Nc3 Nbd7 6. Bf4 Be7 7. e3 O-O 8. Bd3
dxc4 9. Qxc4 Nb6 10. Qb3 Nbd5 11. Be5 a6 12. O-O b5 13. Ne4 Nd7 14. Rac1 Qb6
15. Bd6 Bxd6 16. Nxd6 c5 17. dxc5 Nxc5 18. Bxh7+ Kh8 19. Nxf7+ Rxf7 20. Qc2 Nd7
21. Ng5 Rf6 22. Qc6 Qb7 23. e4 Qxc6 24. Rxc6 Nb4 25. Rd6 e5 26. Rfd1 Nc2 27.
Bf5 Nd4 28. Rxd7 Bxd7 29. Bxd7 Rd8 30. Bg4 Ne2+ 31. Bxe2 Rxd1+ 32. Bxd1 Rc6 33.
Kf1 Kg8 34. Ke2 Kf8 35. Nf3 Rc5 36. Kd3 Ke7 37. h4 Kf6 38. g4 Rc1 39. Kd2 Rc4
40. Bc2 Rc8 41. Bb3 Rd8+ 42. Ke3 a5 43. g5+ Ke7 44. Nxe5 Rd6 45. Bd5 a4 46. f4
Ke8 47. Nc6 Rd7 48. Kf3 Rc7 49. h5 Kf8 50. f5 b4 51. Kf4 Rd7 52. f6 gxf6 53.
gxf6 Rh7 54. Kg5 Rb7 55. h6 Rh7 56. Ne7 Ke8 57. Bg8 Rh8 58. h7 1-0

[Event "FC Ergolding 1932-SV Welper 1922"]
[Site "DVM U14 in Arendsee"]
[Date "2009.12.27"]
[Round "1.1"]
[White "Adiyaman, Rene"]
[Black "Oberpriller, Johannes"]
[Result "0-1"]
[WhiteElo "1636"]
[BlackElo "1735"]
[PlyCount "81"]
[EventDate "2009.??.??"]
[WhiteTeam "SV Welper 1922"]
[BlackTeam "FC Ergolding 1932"]

1. e4 e6 2. Nf3 d5 3. e5 c5 4. c3 Nc6 5. d4 Qb6 6. a3 Bd7 7. b4 c4 8. a4 a6 9.
a5 Qc7 10. Be2 Nge7 11. Na3 Ng6 12. h4 Nge7 13. g3 h6 14. Bd2 Nc8 15. Rb1 N8a7
16. Nh2 Be7 17. Bg4 O-O-O 18. Bh5 f6 19. f4 fxe5 20. fxe5 g5 21. Nf3 gxh4 22.
gxh4 Rdg8 23. Bf4 Nxa5 24. Qc1 Nb3 25. Qe3 Rg2 26. Rh2 Rhg8 27. Kf1 Rxh2 28.
Nxh2 Bxh4 29. Bxh6 Qd8 30. Be2 Bg5 31. Bxg5 Rxg5 32. Nxc4 dxc4 33. Bxc4 Rf5+
34. Kg1 Qg8+ 35. Kh1 Bc6+ 36. d5 exd5 37. Qh3 dxc4+ 38. Nf3 Bxf3+ 39. Kh2 Qg2+
40. Qxg2 Bxg2 41. Kxg2 0-1

[Event "FC Ergolding 1932-SV Welper 1922"]
[Site "DVM U14 in Arendsee"]
[Date "2009.12.27"]
[Round "1.2"]
[White "Schnurr, Christian"]
[Black "Schaller, Fabian"]
[Result "1-0"]
[WhiteElo "1709"]
[BlackElo "1515"]
[PlyCount "83"]
[EventDate "2009.??.??"]
[WhiteTeam "FC Ergolding 1932"]
[BlackTeam "SV Welper 1922"]

1. e4 e6 2. d4 d5 3. Nd2 Nf6 4. Bd3 c5 5. c3 Nc6 6. Ngf3 cxd4 7. cxd4 Bb4 8. e5
Nd7 9. O-O Nf8 10. Nb3 Ng6 11. Bc2 O-O 12. h4 Be7 13. h5 Nh4 14. Nxh4 Bxh4 15.
Qd3 g6 16. Bd2 Bg5 17. f4 Be7 18. a3 b6 19. g4 a5 20. Qe3 a4 21. hxg6 fxg6 22.
Nc1 Na5 23. Bc3 Qc7 24. Rf2 Rf7 25. Qh3 Rg7 26. Bxa4 Nc4 27. Bc2 Bd7 28. Bd1
Rf8 29. g5 Qc8 30. Bg4 Rgf7 31. Qg3 Rg7 32. Na2 Rgf7 33. Bh3 Rg7 34. Rc1 Qe8
35. Nb4 Na5 36. Qg2 Qa8 37. Nxd5 Bxg5 38. Nxb6 Qxg2+ 39. Bxg2 Rxf4 40. Rxf4
Bxf4 41. Re1 Nb3 42. Bh3 1-0

[Event "FC Ergolding 1932-SV Welper 1922"]
[Site "DVM U14 in Arendsee"]
[Date "2009.12.27"]
[Round "1.3"]
[White "Marx, Patrick"]
[Black "Schoepe, Tobias"]
[Result "0-1"]
[WhiteElo "1374"]
[BlackElo "1696"]
[PlyCount "62"]
[EventDate "2009.??.??"]
[WhiteTeam "SV Welper 1922"]
[BlackTeam "FC Ergolding 1932"]

1. d4 Nf6 2. Nf3 g6 3. Bf4 Bg7 4. e3 O-O 5. Nbd2 d5 6. Bd3 Bg4 7. O-O c5 8. c3
Nc6 9. h3 Bxf3 10. Nxf3 Re8 11. Re1 e6 12. Ne5 Nd7 13. Nxd7 Qxd7 14. dxc5 e5
15. Bg5 Kh8 16. Be2 f5 17. Bf3 h6 18. Bh4 g5 19. Bg3 Rad8 20. Qc2 Rf8 21. Rad1
e4 22. Be2 f4 23. exf4 gxf4 24. Bh2 f3 25. gxf3 exf3 26. Bf1 Be5 27. Rxe5 Qg7+
28. Kh1 Nxe5 29. Re1 Rde8 30. Qc1 Nd3 31. Qd2 Rxe1 0-1

[Event "FC Ergolding 1932-SV Welper 1922"]
[Site "DVM U14 in Arendsee"]
[Date "2009.12.27"]
[Round "1.4"]
[White "Laimer, Tobias"]
[Black "Engelbracht, Lukas"]
[Result "1-0"]
[WhiteElo "1646"]
[BlackElo "1109"]
[PlyCount "53"]
[EventDate "2009.??.??"]
[WhiteTeam "FC Ergolding 1932"]
[BlackTeam "SV Welper 1922"]

1. e4 e6 2. d4 d5 3. Nc3 c5 4. exd5 exd5 5. dxc5 Bxc5 6. Qxd5 Qxd5 7. Nxd5 Bd6
8. Bg5 Be6 9. O-O-O Ne7 10. Bxe7 Bxe7 11. Nc7+ Kf8 12. Nxa8 Na6 13. Bxa6 bxa6
14. Nc7 Bc8 15. Nf3 g6 16. Rhe1 Bf5 17. Ne5 Kg7 18. Nxg6 Bxg6 19. Rxe7 Rc8 20.
c3 Kf6 21. Nd5+ Kg7 22. Rxa7 Be4 23. Rxa6 Bxg2 24. Rg1 Kh8 25. Rxg2 Rd8 26. Kc2
h6 27. Rxh6# 1-0

[Event "SC Einheit Bautzen-Aachener SV 1856"]
[Site "DVM U14 in Arendsee"]
[Date "2009.12.27"]
[Round "1.1"]
[White "Titgemeyer, Sven"]
[Black "Rührmund, Daniel"]
[Result "1-0"]
[WhiteElo "1907"]
[BlackElo "1887"]
[PlyCount "65"]
[EventDate "2009.??.??"]
[WhiteTeam "Aachener SV 1856"]
[BlackTeam "SC Einheit Bautzen"]

1. e4 {[%emt 0:00:00]} c5 2. Nf3 e6 3. d4 cxd4 4. Nxd4 a6 5. Bd3 Bc5 6. Be3 Qb6
7. c3 Qxb2 8. O-O Nc6 9. Nb3 Bxe3 10. fxe3 Nf6 11. Rf2 Qxf2+ 12. Kxf2 Ne5 13.
h3 O-O 14. Nd4 b5 15. Nf3 Nxd3+ 16. Qxd3 Bb7 17. Nbd2 d5 18. e5 Nd7 19. Qd4
Rfc8 20. a4 Bc6 21. axb5 Bxb5 22. e4 Rc5 23. exd5 Rxd5 24. Qf4 Nc5 25. Qh4 Nd3+
26. Kg1 Rd7 27. Ne4 Kh8 28. Nf6 gxf6 29. exf6 Rd5 30. c4 Bxc4 31. Qxc4 Nc5 32.
Rb1 Rad8 33. Qg4 1-0

[Event "SC Einheit Bautzen-Aachener SV 1856"]
[Site "DVM U14 in Arendsee"]
[Date "2009.12.27"]
[Round "1.2"]
[White "Hase, Albert"]
[Black "Falter, Lennart"]
[Result "1-0"]
[WhiteElo "1564"]
[BlackElo "1861"]
[PlyCount "77"]
[EventDate "2009.??.??"]
[WhiteTeam "SC Einheit Bautzen"]
[BlackTeam "Aachener SV 1856"]

1. d4 {[%emt 0:00:00]} d5 2. c4 e6 3. Nc3 c5 4. cxd5 cxd4 5. Qxd4 Nc6 6. Qd1
exd5 7. Nf3 Bb4 8. Bd2 Nf6 9. a3 Be7 10. Bg5 d4 11. Bxf6 Bxf6 12. Ne4 O-O 13.
g3 Re8 14. Nxf6+ Qxf6 15. Bg2 Bg4 16. O-O Rad8 17. Qd3 Ne5 18. Nxe5 Qxe5 19.
Rfe1 Bxe2 20. Qd2 d3 21. Bf3 g6 22. Rac1 Qf5 23. Bxb7 Bf3 24. Bxf3 Qxf3 25. Re3
Rxe3 26. fxe3 Kg7 27. Rf1 Qe4 28. Rf4 Qc6 29. Rf2 Qc4 30. Qa5 Rd5 31. Qxa7 Rc5
32. Rxf7+ Qxf7 33. Qxc5 Qd7 34. Qc3+ Kg8 35. Kf2 d2 36. Qb3+ Kg7 37. Ke2 d1=Q+
38. Qxd1 Qb5+ 39. Ke1 1-0

[Event "SC Einheit Bautzen-Aachener SV 1856"]
[Site "DVM U14 in Arendsee"]
[Date "2009.12.27"]
[Round "1.3"]
[White "Hagmanns, Raphael"]
[Black "Vu Tuan, Minh"]
[Result "1-0"]
[WhiteElo "1578"]
[BlackElo "1399"]
[PlyCount "83"]
[EventDate "2009.??.??"]
[WhiteTeam "Aachener SV 1856"]
[BlackTeam "SC Einheit Bautzen"]

1. e4 {[%emt 0:00:00]} c5 2. Nf3 e6 3. d4 cxd4 4. Nxd4 a6 5. Nc3 Qc7 6. Be2 Nf6
7. a3 b5 8. O-O Bb7 9. Bf3 Be7 10. e5 Nd5 11. Nxd5 exd5 12. Nf5 Bf8 13. Bxd5
Nc6 14. Nd6+ Bxd6 15. exd6 Qc8 16. Re1+ Kf8 17. Qh5 Nd4 18. Qe5 Ne6 19. Bxe6
dxe6 20. Bh6 Rg8 21. Bg5 Qd7 22. Be7+ Ke8 23. Re3 Rc8 24. c3 Qc6 25. Rg3 Qd5
26. Qe3 Kd7 27. Qf4 f6 28. Re1 Rc4 29. Qe3 Rcc8 30. h3 e5 31. Kh1 h6 32. Qe2
Rc4 33. Rd1 Qe6 34. Qe3 Bc8 35. Qa7+ Ke8 36. Rgd3 Qd7 37. Qa8 Rc6 38. Qb8 Kf7
39. a4 bxa4 40. Qb4 Ke8 41. Qe4 Kf7 42. Qd5+ 1-0

[Event "SC Einheit Bautzen-Aachener SV 1856"]
[Site "DVM U14 in Arendsee"]
[Date "2009.12.27"]
[Round "1.4"]
[White "Röpke, Markus"]
[Black "Ucaroglu, Melih Furkan"]
[Result "1/2-1/2"]
[WhiteElo "1210"]
[BlackElo "1392"]
[PlyCount "131"]
[EventDate "2009.??.??"]
[WhiteTeam "SC Einheit Bautzen"]
[BlackTeam "Aachener SV 1856"]

1. e4 c5 2. Nf3 e6 3. d4 cxd4 4. Nxd4 a6 5. Nc3 Qc7 6. Qd3 Nf6 7. Bd2 Nc6 8.
O-O-O Bc5 9. Be3 b5 10. Kb1 Be7 11. f3 Bb7 12. Be2 Nh5 13. g4 Nf4 14. Bxf4 Qxf4
15. Nxe6 fxe6 16. Qxd7+ Kf7 17. Qxb7 Ne5 18. h4 Rhb8 19. Qc7 Rc8 20. Qb6 Rc6
21. Qf2 Bb4 22. Qh2 Qxh2 23. Rxh2 Bxc3 24. f4 Bxb2 25. Kxb2 Ng6 26. f5 exf5 27.
exf5 Ne5 28. Rd5 Nc4+ 29. Bxc4 Rxc4 30. Rd7+ Kf8 31. g5 Rf4 32. f6 gxf6 33.
Rxh7 Kg8 34. Rh6 fxg5 35. hxg5 Kg7 36. R6h4 Rf5 37. Rg2 Rc8 38. Rgh2 a5 39.
Rh7+ Kg6 40. R2h6+ Kxg5 41. Rh5+ Kf4 42. Rxf5+ Kxf5 43. Rh5+ Ke4 44. Rxb5 Ra8
45. Ka3 Rc8 46. Kb3 a4+ 47. Kb2 Rc4 48. Ka3 Rxc2 49. Rb4+ Kd5 50. Rxa4 Kc5 51.
Kb3 Rc1 52. Ra8 Kb6 53. a3 Rb1+ 54. Ka4 Rd1 55. Rb8+ Ka6 56. Rb4 Rd3 57. Rf4
Rd6 58. Rf5 Rd4+ 59. Kb3 Rd6 60. Rf4 Ka5 61. Ra4+ Kb5 62. Rb4+ Ka5 63. Rc4 Rb6+
64. Kc3 Kb5 65. Rf4 Rc6+ 66. Kb3 1/2-1/2

[Event "Sabt Frankfurter TV 1860-Treptower SV 19"]
[Site "DVM U14 in Arendsee"]
[Date "2009.12.27"]
[Round "1.1"]
[White "Pixa, Richard"]
[Black "Medvedovski, Michael"]
[Result "0-1"]
[WhiteElo "1671"]
[BlackElo "1768"]
[PlyCount "90"]
[EventDate "2009.??.??"]
[WhiteTeam "Treptower SV 1949"]
[BlackTeam "Sabt Frankfurter TV 1860"]

1. e4 {[%emt 0:00:00]} c5 2. Nf3 Nc6 3. d4 cxd4 4. Nxd4 e5 5. Nb5 d6 6. N1c3 a6
7. Na3 b5 8. Nd5 Nge7 9. c4 Nxd5 10. Qxd5 Bd7 11. cxb5 Nd4 12. Be3 axb5 13.
Bxd4 exd4 14. Qxd4 Be7 15. Be2 Bf6 16. Qb4 Qa5 17. Qxa5 Rxa5 18. O-O-O O-O 19.
Rxd6 Be6 20. Rb6 Bxa2 21. Rxb5 Rc8+ 22. Kd2 Bg5+ 23. Kd3 Rxb5 24. Nxb5 Bc4+ 25.
Kd4 Bxe2 26. Nc3 Bg4 27. Rf1 Be6 28. f4 Be7 29. h3 Rd8+ 30. Ke3 Bc5+ 31. Kf3
Bc4 32. Rd1 Rxd1 33. Nxd1 Kf8 34. Nc3 Ke7 35. e5 Ke6 36. Ke4 f5+ 37. Kf3 Ba6
38. g3 Bb7+ 39. Ke2 Bg2 40. h4 Bb7 41. Kf1 Bf3 42. Ke1 Bd4 43. Kf1 Kd7 44. Ke1
Kc6 45. Kd2 Bf2 0-1

[Event "Sabt Frankfurter TV 1860-Treptower SV 19"]
[Site "DVM U14 in Arendsee"]
[Date "2009.12.27"]
[Round "1.2"]
[White "Diyap, Murat"]
[Black "Döring, André Patrick"]
[Result "0-1"]
[WhiteElo "1678"]
[BlackElo "1554"]
[PlyCount "56"]
[EventDate "2009.??.??"]
[WhiteTeam "Sabt Frankfurter TV 1860"]
[BlackTeam "Treptower SV 1949"]

1. e4 {[%emt 0:00:00]} d5 2. exd5 Qxd5 3. Nc3 Qd6 4. Nf3 Nf6 5. d4 a6 6. Be3
Nc6 7. Qd2 Bf5 8. Bc4 e6 9. O-O Be7 10. Rfe1 O-O 11. Bf4 Qd7 12. d5 exd5 13.
Nxd5 Nxd5 14. Bxd5 Bf6 15. c3 Rad8 16. c4 Rfe8 17. Bg5 Bxg5 18. Nxg5 Ne5 19.
Rxe5 Rxe5 20. Nxf7 Rxd5 21. Nh6+ gxh6 22. cxd5 Qxd5 23. Qe2 Qd3 24. Qh5 Bg6 25.
Qe5 Qc2 26. Qe3 Qxb2 27. Qe6+ Bf7 28. Qg4+ Qg7 0-1

[Event "Sabt Frankfurter TV 1860-Treptower SV 19"]
[Site "DVM U14 in Arendsee"]
[Date "2009.12.27"]
[Round "1.3"]
[White "Tran, Khoa Anh Le"]
[Black "Abrahamyan, Arsen"]
[Result "1-0"]
[WhiteElo "1481"]
[BlackElo "1599"]
[PlyCount "117"]
[EventDate "2009.??.??"]
[WhiteTeam "Treptower SV 1949"]
[BlackTeam "Sabt Frankfurter TV 1860"]

1. e4 {[%emt 0:00:00]} c5 2. Nf3 Nc6 3. d4 cxd4 4. Nxd4 e5 5. Nb5 d6 6. N1c3 a6
7. Na3 b5 8. Nd5 Nf6 9. Bg5 Be7 10. Bxf6 Bxf6 11. c4 b4 12. Nc2 a5 13. Nce3 Be6
14. Be2 O-O 15. O-O Bg5 16. Bg4 g6 17. a3 bxa3 18. Rxa3 f5 19. exf5 gxf5 20.
Bh3 Ra7 21. f4 exf4 22. Nxf4 Bxf4 23. Rxf4 Rg7 24. Kh1 Qg5 25. Qxd6 Bd7 26.
Qd5+ Kh8 27. Rf3 Qh4 28. Ra1 Nd4 29. Rg3 Rfg8 30. Qe5 Bc6 31. Bxf5 Ne2 32. Rh3
Qxh3 33. Bxh3 Re8 34. Qc5 Bb7 35. Qb5 Rxe3 36. Qh5 Nf4 37. Qh4 Ne6 38. Qf2 Rxh3
39. Rxa5 Rxg2 40. Qxg2 Bxg2+ 41. Kxg2 Rb3 42. Rb5 Rd3 43. b4 Rb3 44. c5 Nf4+
45. Kg1 Nd3 46. c6 Rc3 47. Rb8+ Kg7 48. Rb7+ Kf6 49. c7 Ke6 50. b5 Kd7 51. b6
Rc1+ 52. Kg2 Nf4+ 53. Kf3 Nd5 54. Rb8 Ne7 55. Rd8+ Ke6 56. b7 Rxc7 57. b8=Q
Rc3+ 58. Ke2 Nc6 59. Qd6+ 1-0

[Event "Sabt Frankfurter TV 1860-Treptower SV 1"]
[Site "DVM U14 in Arendsee"]
[Date "2009.12.27"]
[Round "1.4"]
[White "Keller, Peter"]
[Black "Heldt, Ronny"]
[Result "1-0"]
[WhiteElo "1621"]
[BlackElo "1365"]
[PlyCount "25"]
[EventDate "2009.??.??"]
[WhiteTeam "Sabt Frankfurter TV 1860"]
[BlackTeam "Treptower SV 1949"]

1. e4 e6 2. d4 {[%emt 0:00:00]} d5 {[%emt 0:00:01]} 3. Nc3 Nf6 4. e5 Nfd7 5.
Nf3 c5 6. dxc5 Bxc5 7. Bd3 Nc6 8. Bf4 Qc7 9. O-O O-O 10. Bxh7+ Kh8 11. Bd3 Be7
12. Re1 a6 13. Ng5 1-0

[Event "SG Grün-Weiß Dresden-SF Paderborn 2000"]
[Site "DVM U14 in Arendsee"]
[Date "2009.12.27"]
[Round "1.1"]
[White "Hötte, Philipp"]
[Black "Schnoor, Friedrich"]
[Result "1-0"]
[WhiteElo "1836"]
[BlackElo "1598"]
[PlyCount "71"]
[EventDate "2009.??.??"]
[WhiteTeam "SF Paderborn 2000"]
[BlackTeam "SG Grün-Weiß Dresden"]

1. Nf3 {[%emt 0:00:00]} d6 2. d4 Nf6 3. Nc3 g6 4. Bg5 Bg7 5. e4 Bg4 6. Be2 Nc6
7. h3 Bxf3 8. Bxf3 e5 9. dxe5 Nxe5 10. Be2 O-O 11. f4 Ned7 12. O-O c6 13. Kh1
Qc7 14. Qd2 Nc5 15. Bf3 h6 16. Bh4 a5 17. Rae1 Rfe8 18. Qf2 b6 19. e5 Nfd7 20.
exd6 Qxd6 21. f5 g5 22. Bg3 Be5 23. Bxe5 Rxe5 24. Rxe5 Nxe5 25. Ne4 Nxe4 26.
Bxe4 Qb4 27. Qe2 f6 28. Bxc6 Rd8 29. Qb5 Rd2 30. Bd5+ Kg7 31. Qxb4 axb4 32. Bb3
Kf8 33. Re1 Ke7 34. Re4 h5 35. Rxb4 g4 36. Kh2 1-0